000 00286nam a2200109Ia 4500
005 20251222144643.0
008 251222s9999||||xx |||||||||||||| ||spa||
082 _a362.829.2/P85
245 0 _aLegislación sobre Violencia Familiar
264 _bPresidencia de la República
942 _cLIB
999 _c16752
_d16752